01449nam a2200445 i 450000100060000000300090000600500170001500800390003201500180007102000150008902000150010403500210011904000280014004100130016804600090018108000110019008000150020108000110021608000090022710000220023624501330025824600650039126000370045630000360049333600270052933700530055633800270060938000160063638800140065238800140066650400120068065000320069265000230072465000280074765000250077565500170080065800430081770000450086085600980090537043KOSZ 00520220114120948.0000614s2000 pl a f |001 0 pol aPB 2000/10852 a0130143278 a8388101153 a(OCoLC)749803815 aWA NcWA NdKOSZ 005/HR1 apolheng k2000 a004.42 a004.738.52 a004.92 a(07)1 aKyle, LynneAutor10aFlash 4 :bnarzędzie dla profesjonalistów tworzących animacje w Internecie /cLynn Kyle ; [tł. Małgorzata Kietlińska].1 iTyt. oryg.:aEssential Flash 4 for Web professionals,f2000. aWarszawa :b"Lynx-SFT",c[2000]. aX, [2], 258 s. :bil. ;c24 cm. 2rdacontentaTekstbtxt 2rdamediaaBez urządzeni pośredniczącegobn 2rdacarieraWoluminbnc aKsiążki a1901-2000 a1989-2000 aIndeks. 4aFlash (program komputerowy) 4aProgramy graficzne 4aProjektowanie stron WWW 4aAnimacja komputerowa 4aPodręcznik aInformatyka i technologie informacyjne1 aKietlińska, Małgorzata.eTłumaczenie uhttp://koha.tu.koszalin.pl/cgi-bin/koha/opac-detail.pl?biblionumber=37043yKatalog online BPK